Cálculo infinitesimal

Gorde:
Xehetasun bibliografikoak
Egile nagusia: Spivak, Michael (Egilea)
Formatua: Liburua
Hizkuntza:gaztelania
Argitaratua: Ciudad de México Reverté 1996
Edizioa:2a. ed
Gaiak:
Etiketak: Etiketa erantsi
Etiketarik gabe, Izan zaitez lehena erregistro honi etiketa jartzen!

MARC

LEADER 00000nam a2200000 a 4500
001 UCP0479
003 CL-VaPUC
008 990313e19960000MX |||||||||||||||||spa|d
082 0 4 |a 515  |b SPI  |2 21 
100 0 |a Spivak, Michael  |e author  |9 425784 
245 1 0 |a Cálculo infinitesimal 
250 |a 2a. ed 
300 |a 926 p 
942 |c BK 
945 |d 19990313 00:00:00  |a aarredon 
260 |a Ciudad de México  |b Reverté  |c 1996 
650 0 |a Matemática  |9 260235 
650 0 |a Cálculo  |9 260234 
650 0 |a Cálculo diferencial   |9 260102 
650 0 |a Cálculo integral  |9 260103 
650 0 |a Ecuaciones diferenciales  |9 260083 
650 7 |a INTEGRACION NUMERICA  |2 CL-VaPUC  |9 425785 
650 0 |a Cálculo de variaciones   |9 270526 
583 |a last modification  |c 19990313 00:00:00  |k Rodrigo Vera 
999 |c 279256  |d 279254 
952 |0 0  |1 0  |4 0  |6 515_000000000000000_SPI_1996  |7 0  |8 A  |9 318239  |a BIBMEC  |b BIBMEC  |d 2019-11-20  |i 3496422  |o 515 SPI 1996  |p 3496422  |r 2024-01-19  |w 2019-11-20  |y BK  |k MEC